Normal view
MARC view
- Varian, Hal R.
Entry Personal Name
001 - CONTROL NUMBER
- control field: 20008
003 - CONTROL NUMBER IDENTIFIER
- control field: NUST
005 - DATE AND TIME OF LATEST TRANSACTION
- control field: 20190905104840.0
008 - FIXED-LENGTH DATA ELEMENTS
- fixed length control field: 190905|| aca||aabn | a|a d
040 ## - CATALOGING SOURCE
- Original cataloging agency: NUST
- Transcribing agency: NUST
100 ## - HEADING--PERSONAL NAME
- Personal name: Varian, Hal R.
670 ## - SOURCE DATA FOUND
- Source citation: Work cat.: (NUST): Varian, Hal R., Intermediate Micro Economics: A Modern Approach /
